Normal view
MARC view
- محاسبة التكاليف - الشركات المنتجة للبترول
Entry Topical Term
001 - CONTROL NUMBER
- control field: 28757
003 - CONTROL NUMBER IDENTIFIER
- control field: JO-AjAnu
005 - DATE AND TIME OF LATEST TRANSACTION
- control field: 20230606074853.0
008 - FIXED-LENGTH DATA ELEMENTS
- fixed length control field: 230606|| aca||aabn | a|a d
040 ## - CATALOGING SOURCE
- Original cataloging agency: JO-AjAnu
- Transcribing agency: JO-AjAnu
150 ## - HEADING--TOPICAL TERM
- Topical term or geographic name entry element: محاسبة التكاليف - الشركات المنتجة للبترول
670 ## - SOURCE DATA FOUND
- Source citation: Work cat.: (JO-AjAnu)14760: تأليف: بيك،محمد الفتح محمد, author 28756, محاسبة التكاليف في الشركات المنتجة للبترول: دراسة تحليلية تطبيقية